Teoría Crítica de la ciudadanía democrática
I tiakina i:
| Kaituhi matua: | |
|---|---|
| Hōputu: | Pukapuka |
| Reo: | Pāniora |
| I whakaputaina: |
Madrid
Trotta
2007
|
| Rangatū: | Estrucuras y Procesos Serie Ciencias Sociales
|
| Ngā marau: | |
| Ngā Tūtohu: |
Tāpirihia he Tūtohu
Kāore He Tūtohu, Me noho koe te mea tuatahi ki te tūtohu i tēnei pūkete!
|
MARC
| LEADER | 00000nam a2200000 a 4500 | ||
|---|---|---|---|
| 001 | UCI9781 | ||
| 003 | CL-VaPUC | ||
| 008 | 081212e20070000SP |||||||||||||||||spa|d | ||
| 020 | |a 9788481649376 | ||
| 082 | 0 | 4 | |a 323.6 |b RUB |2 21 |
| 100 | 0 | |a Rubio Carracedo, José |e author |9 533709 | |
| 245 | 1 | 0 | |a Teoría Crítica de la ciudadanía democrática |
| 300 | |a 187 p | ||
| 942 | |c BK | ||
| 945 | |d 20081212 00:00:00 |a rbrito | ||
| 260 | |a Madrid |b Trotta |c 2007 | ||
| 650 | 0 | |a Ciudadanía |9 258339 | |
| 650 | 0 | |a Democracia |9 255256 | |
| 650 | 0 | |a Educación cívica |9 314665 | |
| 650 | 0 | |a Política |9 255312 | |
| 650 | 0 | |a Derechos fundamentales |9 254841 | |
| 583 | |a last modification |c 20081212 00:00:00 |k Rodrigo Vera | ||
| 490 | 0 | |a Estrucuras y Procesos Serie Ciencias Sociales | |
| 999 | |c 332248 |d 332246 | ||
| 952 | |0 0 |1 0 |4 0 |6 323_600000000000000_RUB_2007 |7 0 |8 A |9 419768 |a BIBDER |b BIBDER |d 2019-11-22 |i 4504143 |l 1 |o 323.6 RUB 2007 |p 4504143 |r 2023-01-25 |s 2022-09-01 |w 2019-11-22 |y BK |k DER | ||